000 01325cas a22003251 4500
001 data
005 20260322212111.0
008 data
035 _a11141510
906 _a7
_bcbc
_cserials
_d4
_encip
_f19
_gn-oclcserc
010 _a 43030771
035 _a(OCoLC)2592733
040 _aDLC
_beng
_cDLC
_dOCLCQ
_dDLC
_dOCLCO
_dOCLCQ
_dOCLCF
_dOCLCQ
042 _apcc
050 0 0 _aHJ117
_b.B8
110 2 _aUniversidad de Buenos Aires.
_bCentro de Investigación Permanente de Derecho Financiero.
245 1 0 _aExtractos de "Estudios del Centro de Investigación Permanente de Derecho Financiero" del Seminario de Ciencias Jurídicas y Sociales.
260 _aBuenos Aires.
300 _c24 cm
336 _atext
_btxt
_2rdacontent
337 _aunmediated
_bn
_2rdamedia
590 _aSERBIB/SERLOC merged record
650 0 _aFinance.
650 7 _aFinance.
_2fast
_0(OCoLC)fst00924349
710 2 _aUniversidad de Buenos Aires.
_bSeminario de Ciencias Jurídicas y Sociales.
890 _aBuenos Aires. Universidad. Centro de Investigacion Permanente de Derecho Financiero. Extractos de "Estudios del Centro de Investigacion Permanente de Derecho Financiero" del Seminario de Ciencias Jurídicas y Sociales.
_i43-30771
920 _aKeep 2
991 _bc-GenColl
_hHJ117
_i.B8
_wSERIALS
992 _bcall x7-5305
_wSERLOC
999 _c1663
_d1663